Top 10 Most Densely-Populated Countries in Africa - Statistics

General Stats
  • This quiz has been taken 1,914 times
  • The average score is 7 of 10
Answer Stats
Density Country % Correct
202 Nigeria
88%
469 Rwanda
80%
415 Burundi
74%
152 Uganda
70%
200 Seychelles
69%
122 Cape Verde
68%
422 Comoros
68%
173 Gambia
68%
619 Mauritius
67%
187 Sao Tome and Principe
65%
No matching quizzes found
Score Distribution
Percent of People with Each Score
Percentile by Number Answered
Your Score History
You have not taken this quiz